|
|
|
|
| LEADER |
00991cam a2200289 a 4500 |
| 001 |
c000286829 |
| 003 |
CARM |
| 005 |
20080923124642.0 |
| 008 |
780301s1979 nyua b 001 0 eng d |
| 010 |
|
|
|a 78003790
|
| 019 |
1 |
|
|a 1155063
|5 LACONCORD2021
|
| 020 |
|
|
|a 0070067600
|
| 035 |
|
|
|a (OCoLC)3748753
|5 LACONCORD2021
|
| 040 |
|
|
|a LC
|b eng
|c LC
|d ABN:1
|d VCAV
|
| 050 |
0 |
0 |
|a TA710
|b .B684
|
| 050 |
1 |
4 |
|a TA710
|b .B684
|
| 082 |
0 |
4 |
|a 624.15136
|2 19
|
| 100 |
1 |
|
|a Bowles, Joseph E.
|
| 245 |
1 |
0 |
|a Physical and geotechnical properties of soils /
|c Joseph E. Bowles.
|
| 260 |
|
|
|a New York :
|b McGraw-Hill,
|c c1979.
|
| 300 |
|
|
|a xii, 478 p. :
|b ill. ;
|c 24 cm.
|
| 500 |
|
|
|a Includes indexes.
|
| 504 |
|
|
|a Bibliography: p. 460-465.
|
| 650 |
|
0 |
|a Soil mechanics.
|
| 852 |
8 |
|
|b CARM
|h A1:AP36E0
|i C11297
|p 0513255
|f BK
|
| 999 |
f |
f |
|i 30522820-becc-511d-96c1-601b786be462
|s 7b68fc85-fc59-5c16-a791-26427c895fd5
|
| 952 |
f |
f |
|p Can circulate
|a CAVAL
|b CAVAL
|c CAVAL
|d CARM 1 Store
|e C11297
|f A1:AP36E0
|h Other scheme
|i book
|m 0513255
|